Diseño y construcción de un controlador digital PID utilizando microcomputador AIM 65.

Zapisane w:
Opis bibliograficzny
1. autor: Goluboay Montoya, Roy
Format: Książka
Wydane: [San José , Costa Rica] 1987
Hasła przedmiotowe:
Etykiety: Dodaj etykietę
Nie ma etykietki, Dołącz pierwszą etykiete!

MARC

LEADER 00000nam a2200000Ia 4500
003 004388
005 20221231144348.0
008 140114s1987 cr a m 000 ||s d
040 |c cru CEDI 
090 |a TFG 2016 
100 |a Goluboay Montoya, Roy  |9 13782 
245 |a Diseño y construcción de un controlador digital PID utilizando microcomputador AIM 65. 
260 |c 1987  |a [San José , Costa Rica] 
300 |a  67 hojas,[90] hojas : ilustraciones  
500 |a  Proyecto de graduación (bachillerato en ingeniería eléctrica)--Universidad de Costa Rica. Facultad de Ingeniería. Escuela de Ingeniería Eléctrica 
650 |x CONTROL ELECTRONICO   |x REGULADORES ELECTRICOS   |x SISTEMAS DE CONTROL DIGITAL - DISEÑO Y CONSTRUCCION  |9 13783 
942 |c TFG 
999 |c 20729  |d 20729